000
00272nam a22000977a 4500
082
_a
Vol-
245
_a
Foreign Affairs :
_b
magazine for in-depth analysis and debate of foreign policy /
260
_a
Canada :
_b
Council on Foreign Relations,
300
_c
24cm.
942
_c
CR
999
_c
566169
_d
566169